Prosté srdce, op. 4

Hlavní autor: Tomášek, Jaroslav, 1896-1970
Další autoři: Šrámek, Fráňa, 1877-1952
Jazyk: Čeština
Vydáno: Praha : Foerstrova společnost, 1928
Fyzický popis: 15 s.
Hudebniny Hudebniny
Uloženo v:
LEADER 00795ncm a22002172a 4500
001 001209311
003 CZ BrMZK
005 20121207100018.0
007 qu
008 120502s1928 xr |||||||||||||||||cze d
040 |a BOA001  |b cze 
072 7 |a 784  |x Vokální hudba  |2 Konspekt  |9 9 
100 1 |a Tomášek, Jaroslav,  |d 1896-1970  |7 jk01132664  |4 cmp 
245 1 0 |a Prosté srdce, op. 4  |h [hudebnina] /  |c Jaroslav Tomášek ; čtyři písně na slova Fráni Šrámka, pro nižší hlas s průvodem klavíru 
260 |a Praha :  |b Foerstrova společnost,  |c 1928 
300 |a 15 s. 
700 1 |a Šrámek, Fráňa,  |d 1877-1952  |7 jk01130973  |4 lyr 
910 |a BOA001  |b Mus4-0376.059 
990 |a MU 
991 |b 201204 
996 6 |b 2619613224  |c Mus4-0376.059  |l MZK  |r Sklad / do 1 hodiny  |n 0  |w 001242989  |u 000010  |a 1  |e BOA001  |j MZK50  |s P